| 000 | 01156nam a22003497a 4500 | ||
|---|---|---|---|
| 001 | 0007027 | ||
| 003 | KOHA_MİRAKIL | ||
| 005 | 20260207001542.0 | ||
| 007 | ta | ||
| 008 | 090810b2001 tu |||gr||||#0|||0|tur | | ||
| 020 |
_a9755125353 _c0,01 |
||
| 040 |
_aTR-BiSEU _btur _cTR-BiSEU _erda |
||
| 041 | 0 | _atur | |
| 044 | _ctu | ||
| 050 |
_aDR435.A76 _bA85 2001 |
||
| 245 | 0 |
_aAsılsız ermeni iddiaları ve Ermenilerin Türklere yaptıkları mezalim : _byazılı arşiv belgeleri ve fotoğraflarla/ _ceditör İsmet Binark. |
|
| 250 | _a2.bs. | ||
| 264 | 1 |
_aAnkara : _bAnkara Ticaret Odası _c2001 |
|
| 300 | _axx, 328 sayfa: resimli | ||
| 336 |
_ametin _btxt _2rdacontent |
||
| 337 |
_aaracısız _bn _2rdamedia |
||
| 338 |
_acilt _bnc _2rdacarrier |
||
| 490 | 1 |
_aAnkara Ticaret Odası yayını ; _vno: 16. |
|
| 650 | 0 |
_aArmenians--Turkey. _914208 |
|
| 650 | 0 |
_aTurkey--Etnic relations--Armenians. _917343 |
|
| 650 | 0 |
_aErmeniler--Türkiye. _915120 |
|
| 650 | 0 |
_aTürkiye--Etnik ilişkiler--Ermeniler. _916751 |
|
| 650 | 0 |
_aErmeni sorunu. _99825 |
|
| 830 | 1 |
_aAnkara Ticaret Odası yayını ; _vno: 16. _917344 |
|
| 907 | _aTarih | ||
| 942 |
_2lcc _cBK |
||
| 999 |
_c7008 _d7008 |
||